00338nam a2200121 a 450000500170000000800410001702000140005805000240007210000180009624500390011426000410015330000220019420140310183322.0060307s19uu xx 00 eng d a044661064 aPS 3563b.M528 2001 aMeltzer, Brad aThe first counsel /cBrad Meltzer. aNew York :bWarner Books Inc,c2001. a509 p. :c17 cm.